| 000 | 00826nam a2200265 i 4500 | ||
|---|---|---|---|
| 001 | bg | ||
| 100 | 1 |
_aKopaliński, Władysław _d(1918-2007). |
|
| 245 | 1 | 0 |
_aEncyklopedia "Drugiej płci". _nCz. 2, _pOpinie / _cWładysław Kopaliński. |
| 260 |
_aWarszawa : _bOficyna Wydawnicza Rytm, _ccop. 2007. |
||
| 300 |
_a332 s. ; _c25 cm. |
||
| 490 | 1 |
_aSłowniki / "Rzeczpospolita" ; _vT. 10 |
|
| 650 | 9 | _aKobieta | |
| 650 | 9 | _aPostać literacka | |
| 655 | _aEncyklopedie | ||
| 830 | 0 |
_aSłowniki - "Rzeczpospolita" ; _vT. 10 |
|
| 020 | _a9788360688847 | ||
| 040 | _cBPK | ||
| 041 | 0 | _apol | |
| 044 | _aPOL | ||
| 080 | _a394:305:316.346.2-055.2:82(091)](03) | ||
| 920 | _a978-83-60688-84-7 | ||
| 942 | _cKS | ||
| 008 | s pl f |000 0 pol | ||
| 999 |
_c54521 _d54521 |
||
| 856 |
_uhttp://koha.tu.koszalin.pl/cgi-bin/koha/opac-detail.pl?biblionumber=54521 _yKatalog online BPK |
||